000 00469nam a2200181Ia 4500
001 11065
005 20260306161918.0
008 260306t2021||||xx |||||||||||||| ||spa||
041 _aESP
082 _a985.004
_bB66
100 _aBobadilla Rodríguez, Francisco
_eAUT
245 0 _aLa peruanidad en el bicentenario:
_bensayos de comprensión
260 _c2021
300 _a417 páginas :
_c24 cm.
650 _aGEN
654 _aCHU
942 _cLIB
_dJUS
_fJUS
_2ddc
_n
999 _c11065
_d11065